Le sucre, pour la douceur et pour le pire (notice n° 1642300)
[ vue normale ]
| 000 -LEADER | |
|---|---|
| fixed length control field | 01092cam a2200205 4500500 |
| 005 - DATE AND TIME OF LATEST TRANSACTION | |
| control field | 20260201130246.0 |
| 041 ## - LANGUAGE CODE | |
| Language code of text/sound track or separate title | fre |
| 042 ## - AUTHENTICATION CODE | |
| Authentication code | dc |
| 100 10 - MAIN ENTRY--PERSONAL NAME | |
| Personal name | Vincent, Anaïs |
| Relator term | author |
| 245 00 - TITLE STATEMENT | |
| Title | Le sucre, pour la douceur et pour le pire |
| 260 ## - PUBLICATION, DISTRIBUTION, ETC. | |
| Date of publication, distribution, etc. | 2026.<br/> |
| 500 ## - GENERAL NOTE | |
| General note | 17 |
| 520 ## - SUMMARY, ETC. | |
| Summary, etc. | La 20e édition du festival Arabesques se tenait à Montpellier du 9 au 21 septembre 2025. Son affiche copieuse, présentant des spectacles de danse, d’humour et surtout de musique, confirmait sa réputation de plus importante manifestation européenne privée consacrée à la diversité artistique du monde arabe. Une belle occasion de revenir sur le parcours atypique et inspirant de Habib Dechraoui, fondateur de l’association UNi’SONS, puis concepteur et directeur du Festival Arabesques. |
| 690 ## - LOCAL SUBJECT ADDED ENTRY--TOPICAL TERM (OCLC, RLIN) | |
| Topical term or geographic name as entry element | colonisation |
| 690 ## - LOCAL SUBJECT ADDED ENTRY--TOPICAL TERM (OCLC, RLIN) | |
| Topical term or geographic name as entry element | documentaire |
| 690 ## - LOCAL SUBJECT ADDED ENTRY--TOPICAL TERM (OCLC, RLIN) | |
| Topical term or geographic name as entry element | histoire |
| 690 ## - LOCAL SUBJECT ADDED ENTRY--TOPICAL TERM (OCLC, RLIN) | |
| Topical term or geographic name as entry element | sucre |
| 786 0# - DATA SOURCE ENTRY | |
| Note | Mondes & Migrations | - | 1 | 2026-01-06 | p. 198-199 | 3075-6812 |
| 856 41 - ELECTRONIC LOCATION AND ACCESS | |
| Uniform Resource Identifier | <a href="https://shs.cairn.info/revue-mondes-migrations-2026-1-page-198?lang=fr&redirect-ssocas=7080">https://shs.cairn.info/revue-mondes-migrations-2026-1-page-198?lang=fr&redirect-ssocas=7080</a> |
Pas d'exemplaire disponible.




Réseaux sociaux